| 000 | 00555nam a22001697a 4500 | ||
|---|---|---|---|
| 008 | 150330b xxu||||| |||| 00| 0 eng d | ||
| 020 | _a9780071736114 | ||
| 041 | 0 | _aeng | |
| 080 | _a658.3 | ||
| 100 | 1 | _aHolpp, Lawrence. | |
| 245 | 1 | 0 |
_aWin-win performance appraisals : _cLawrence Holpp. |
| 260 |
_aNew York : _bMcGraw Hill, _c2012. |
||
| 300 |
_a189 f.: _bme il.; _c23 cm. |
||
| 505 | _aIndex: f.181-189 | ||
| 650 | 0 | _aPunonjësit | |
| 942 |
_2udc _cBK |
||
| 999 |
_c613 _d613 |
||